Miasta w Polsce kończące się na -c - Statystyki

Ogólne statystyki
  • Ten quiz został rozwiązany 39 razy
  • Średni wynik to 5 z 27
Statystyki odpowiedzi
Liczba ludności Odpowiedź % Poprawnych
197586 Sosnowiec
64%
23551 Lubliniec
44%
60075 Mielec
42%
38486 Bolesławiec
33%
1150 Bolesławiec
33%
16785 Grójec
31%
336 Opatowiec
22%
11557 Szydłowiec
22%
29810 Zgorzelec
22%
4587 Ciechanowiec
19%
17788 Sierpc
19%
25607 Wągrowiec
19%
30733 Żywiec
19%
4243 Ogrodzieniec
17%
7988 Połaniec
17%
2026 Rejowiec
17%
3054 Mirosławiec
14%
10628 Biskupiec
11%
12706 Złocieniec
11%
3101 Zwierzyniec
11%
3772 Czarny Dunajec
8%
3397 Myszyniec
8%
2825 Piszczac
8%
2802 Węgliniec
6%
2927 Lubraniec
3%
4263 Nowogrodziec
3%
2878 Poniec
0%
Nie znaleziono quizów pasujących do podanych kryteriów
Rozkład punktacji
Procent ludzi z każdym wynikiem
Percentyl według liczby udzielonych odpowiedzi
Twoja historia wyników
Nie rozwiązałeś tego quizu